000 00554nam a2200193 a 4500
001 5748
003 CO-ViMGA
008 141112s2004 ck r 000 u spa d
020 _a9586161668
040 _aCO-ViMGA
_bspa
_cCO-ViMGA
082 0 4 _a330.9861 L663
100 1 _aLópez Garavito, Luis Fernando
_94227
245 1 0 _aIntervencionismo de estado y Economía en Colombia
250 _a2a
260 _aSantafé de Bogotá :
_bUniversidad Externado de Colombia,
_c1995
300 _a403 p
650 1 4 _aEconomía COLOMBIANA
_952813
942 _2ddc
_cBK
999 _c17729
_d17729